Suomen markkaseteleiden henkilöt - Statistics

Yleistilastot
  • Tätä visaa on pelattu 726 kertaa
  • Keskiarvotulos 6 / 10
Vastaustilastot
Kuvavisa Vastaus % Oikein
Urho Kekkonen
99%
Jean Sibelius
85%
Juho Kusti Paasikivi
81%
Paavo Nurmi
78%
Kaarlo Juho Ståhlberg
70%
Elias Lönnrot
54%
Väinö Linna
51%
Johan Vilhelm Snellman
50%
Alvar Aalto
46%
Anders Chydenius
32%
Ehtoja vastaavia visoja ei löytynyt
Tulosjakauma
Jokaisen tuloksen saaneiden osuus
Persentiili vastausten määrän mukaan
Tuloshistoriasi
Et ole pelannut tätä visaa